00771nam a2200169 a 450000500170000000800410001705000160005810000220007424500890009626000370018530000230022252001730024565000280041865000210044699900190046795201150048620140412111342.0040114s19uu xx 00 eng d aERbN66 19? aSpurgeon, Maureen aNoisy little tractor (the) /cstory by Maureen Spurgeon ; illustrated by Gill Guile. aEngland :bBrown Watson,c[n.d.] a1 v. (unp.) ; ill. aToby is a noisy little tractor who annoys his friend by tooting his horn all day long. However, when disaster strikes on the farm, they are glad of the noise he makes! aTransportation--Fiction aChildren stories c105154d105154 00104050aELbELcERd2004-01-14eLibFundg265.00l0oER N66 19?pE9499r2014-04-12 00:00:00w2014-04-12yBK